زندگی کے موڑ پر / (Record no. 171674)

MARC details
000 -LEADER
fixed length control field 00538nam a22001937a 4500
005 - DATE AND TIME OF LATEST TRANSACTION
control field 20200117122243.0
010 ## - LCCN (DPL NO)
LC control number 359813
020 ## - INTERNATIONAL STANDARD BOOK NUMBER
Terms of availability 2.75
035 ## - SYSTEM CONTROL NUMBER
System control number 359813
037 ## - SOURCE OF ACQUISITION
Source of stock number/acquisition BPPD/Pub.
082 ## - DEWEY DECIMAL CLASSIFICATION NUMBER
Classification number ن
100 ## - MAIN ENTRY--PERSONAL NAME
Personal name کرشن چندر
245 ## - TITLE STATEMENT
Title زندگی کے موڑ پر /
Statement of responsibility, etc کرشن چندر
246 ## - VARYING FORM OF TITLE
Title proper/short title Zindagi ke Mod Per (Urdu) /
Remainder of title by Krishan Chander
260 ## - PUBLICATION, DISTRIBUTION, ETC. (IMPRINT)
Place of publication, distribution, etc Delhi
Name of publisher, distributor, etc Ayesha Publishers
Date of publication, distribution, etc 1959 ء
270 ## - ADDRESS
Address Bhargo Lane, Tees Hazari
City Delhi
300 ## - PHYSICAL DESCRIPTION
Extent 150p.
Dimensions 18cm(Hb)
942 ## - ADDED ENTRY ELEMENTS (KOHA)
Source of classification or shelving scheme Dewey Decimal Classification
Item type Urdu Bks
Classification part ن
Call number suffix ک ر ش
Holdings
Withdrawn status Lost status Not for loan Collection code Home library Current library Date acquired Source of acquisition Full call number Barcode Copy number Koha item type
      Non-fiction Central Library Central Library 17/01/2020 BPPD/Ven. ن ک ر ش 359813 1 Urdu Bks

© Delhi Public Library
Hit Counter
free hit counter